000 00768cam a2200217 a 4500
001 000002105
005 20200929145832.0
008 771130s1968 gw a b 001 0 ger
040 _aDO-SdBNP
_cDLC
_dDLC
082 _a387.5
_bS932b
100 1 _aStuchtey, Rolf.
_96762
245 1 4 _aDie Beurteilung des Aufbaus nationaler Handelsflotten in unterentwickelten Ländern /
_cRolf Stuchtey.
260 _aHamburg, Alemania :
_bDeutsches Übersse-Institut,
_c1968.
300 _a141 p. :
_bil. ;
_c24 cm.
490 1 _aProblemas de la economía mundial
504 _aBibliografía: p. 135-141.
650 4 _aTransporte maritimo
_xPaises en desarrollo
_96763
830 0 _aProblemas de la economía mundial.
_96764
910 _aCatalogación por copia / LC
910 _aDC
999 _c1963
_d1963